Succulent plants
Wedi'i Gadw mewn:
| Fformat: | Llyfr |
|---|---|
| Iaith: | Undetermined |
| Cyhoeddwyd: |
Hong Kong
|
| Pynciau: | |
| Tagiau: |
Ychwanegu Tag
Dim Tagiau, Byddwch y cyntaf i dagio'r cofnod hwn!
|
| Thư viện lưu trữ: | Trung tâm Học liệu Trường Đại học Cần Thơ |
|---|
| LEADER | 00361nam a2200133Ia 4500 | ||
|---|---|---|---|
| 001 | CTU_226440 | ||
| 008 | 210402s9999 xx 000 0 und d | ||
| 082 | |a 635.93356 | ||
| 082 | |b S942 | ||
| 245 | 0 | |a Succulent plants | |
| 260 | |a Hong Kong | ||
| 650 | |a Cactus,Cây xương rồng | ||
| 910 | |b nthai | ||
| 980 | |a Trung tâm Học liệu Trường Đại học Cần Thơ | ||